[Event "Kiel op"]
[Site "Kiel"]
[Date "2025.07.01"]
[Round "2"]
[White "Mirski, Stanislaw"]
[Black "Nowak, Lukasz1"]
[Result "1/2-1/2"]
[WhiteElo "2231"]
[BlackElo "2300"]
[PlyCount "109"]
[EventDate "2025.06.30"]
[EventType "swiss"]
[EventRounds "9"]
[EventCountry "GER"]
[SourceTitle "CB28_2025"]
[SourceDate "2025.07.09"]
[SourceVersion "1"]
[SourceVersionDate "2025.07.09"]
[SourceQuality "1"]

1. d4 Nf6 2. Nf3 d5 3. g3 c5 4. Bg2 cxd4 5. 0-0 h6 6. b3 e6 7. Bb2 Bc5 8. Nxd4 e5 9. Nf3 e4 10. Nd4 0-0 11. c4 Re8 12. cxd5 Nxd5 13. Nc3 Nxc3 14. Bxc3 Nd7 15. Nf5 Bf8 16. Nd6 Bxd6 17. Qxd6 Qb6 18. Rfd1 Qxd6 19. Rxd6 Nf8 20. h3 Bf5 21. g4 Bg6 22. Bd4 Rec8 23. f4 exf3 24. Bxf3 Rc7 25. Rd1 Re7 26. Bf2 Be4 27. Rd8 Rxd8 28. Rxd8 Bxf3 29. exf3 b6 30. Bg3 Rd7 31. Rxd7 Nxd7 32. Kf2 f6 33. Ke3 Kf7 34. Kd4 Ke6 35. a4 g6 36. b4 a6 37. a5 bxa5 38. bxa5 f5 39. Bc7 fxg4 40. fxg4 h5 41. gxh5 gxh5 42. h4 Nf8 43. Kc5 Kd7 44. Bg3 Ng6 45. Kb6 Kc8 46. Kxa6 Nxh4 47. Kb6 Nf5 48. a6 Ne7 49. a7 Nd5+ 50. Ka6 Nb4+ 51. Kb6 Nd5+ 52. Kc5 Kb7 53. Kxd5 Kxa7 54. Ke5 h4 55. Bxh4 1/2-1/2

[Event "Karlsruhe Grenke op"]
[Site "Karlsruhe"]
[Date "2025.04.18"]
[Round "2"]
[White "Trost, Edvin"]
[Black "Mirski, Stanislaw"]
[Result "1-0"]
[WhiteElo "2481"]
[BlackElo "2218"]
[PlyCount "67"]
[EventDate "2025.04.17"]
[EventType "swiss"]
[EventRounds "9"]
[EventCountry "GER"]
[SourceTitle "CB17_2025"]
[SourceDate "2025.04.23"]
[SourceVersion "1"]
[SourceVersionDate "2025.04.23"]
[SourceQuality "1"]

1. d4 d5 2. c4 e6 3. Nc3 dxc4 4. e4 a6 5. Bxc4 c5 6. Nf3 b5 7. Bb3 c4 8. Bc2 Bb7 9. 0-0 Nf6 10. Qe2 Nbd7 11. a3 Qc7 12. Rd1 h6 13. Be3 Be7 14. Qd2 Rd8 15. Bf4 Qb6 16. h3 g5 17. Bg3 Nh5 18. Bh2 Bd6 19. Bxd6 Qxd6 20. Ne2 Nf4 21. a4 Nxe2+ 22. Qxe2 Qb8 23. axb5 axb5 24. Ra5 Qc7 25. Rxb5 0-0 26. Qe3 f6 27. Rb4 Rb8 28. d5 e5 29. d6 Qc6 30. Rxc4 Qb6 31. Qc3 Ba6 32. Rc7 Qxb2 33. Qc6 Rf7 34. Qxa6 1-0

[Event "Bydgoszcz op"]
[Site "Bydgoszcz"]
[Date "2024.09.02"]
[Round "8"]
[White "Mirski, Stanislaw"]
[Black "Zalega, Maciej"]
[Result "1-0"]
[WhiteElo "2206"]
[BlackElo "2147"]
[PlyCount "71"]
[EventDate "2024.08.26"]
[EventType "swiss"]
[EventRounds "9"]
[EventCountry "POL"]
[SourceTitle "EXT 2025"]
[Source "ChessBase"]
[SourceDate "2024.10.14"]
[SourceVersion "1"]
[SourceVersionDate "2024.10.14"]
[SourceQuality "1"]

1. d4 Nf6 2. Nf3 g6 3. g3 Bg7 4. Bg2 0-0 5. 0-0 d6 6. c4 Nc6 7. Nc3 e5 8. dxe5 dxe5 9. Bg5 Be6 10. Qc1 Qe8 11. Rd1 Nd7 12. Nd5 Rc8 13. Bh6 f5 14. Bxg7 Kxg7 15. Qc3 Kg8 16. b4 e4 17. Ng5 Nce5 18. f3 exf3 19. exf3 c6 20. Nxe6 Qxe6 21. f4 Qe8 22. fxe5 cxd5 23. Bxd5+ Kg7 24. Bxb7 Rd8 25. Bc6 Kh6 26. Qd2+ f4 27. Bxd7 Qxe5 28. Re1 Qc7 29. Re7 Qxc4 30. Rc1 Qa6 31. Qd4 Rf6 32. b5 Qa3 33. Qxf6 Qxc1+ 34. Kg2 f3+ 35. Kh3 Qf1+ 36. Kh4 1-0

[Event "Bydgoszcz op"]
[Site "Bydgoszcz"]
[Date "2024.08.29"]
[Round "4"]
[White "Mirski, Stanislaw"]
[Black "Czarnota, Pawel"]
[Result "1/2-1/2"]
[WhiteElo "2206"]
[BlackElo "2501"]
[PlyCount "75"]
[EventDate "2024.08.26"]
[EventType "swiss"]
[EventRounds "9"]
[EventCountry "POL"]
[SourceTitle "EXT 2025"]
[Source "ChessBase"]
[SourceDate "2024.10.14"]
[SourceVersion "1"]
[SourceVersionDate "2024.10.14"]
[SourceQuality "1"]

1. d4 Nf6 2. Nf3 g6 3. g3 Bg7 4. Bg2 0-0 5. 0-0 d6 6. c4 Nc6 7. Nc3 e5 8. dxe5 Nxe5 9. Nxe5 dxe5 10. Bg5 Qxd1 11. Rfxd1 c6 12. b4 Be6 13. c5 h6 14. Bxf6 Bxf6 15. Ne4 Be7 16. Nd6 Bxd6 17. Rxd6 Rfd8 18. Rad1 Rxd6 19. Rxd6 Bxa2 20. b5 Rc8 21. bxc6 bxc6 22. Bxc6 a5 23. Bd5 Bxd5 24. Rxd5 a4 25. c6 Rxc6 26. Ra5 Rc4 27. Rxe5 a3 28. Ra5 Rc3 29. h4 h5 30. Kg2 Kg7 31. Ra6 Kf8 32. Ra7 Ke8 33. e3 Rb3 34. Kf3 Kf8 35. g4 hxg4+ 36. Kxg4 Kg7 37. h5 gxh5+ 38. Kxh5 1/2-1/2

[Event "Suwalki Warakomska Memorial 8th"]
[Site "Suwalki"]
[Date "2024.07.24"]
[Round "8"]
[White "Malisauskas, Vidmantas"]
[Black "Mirski, Stanislaw"]
[Result "1-0"]
[WhiteElo "2296"]
[BlackElo "2174"]
[PlyCount "85"]
[EventDate "2024.07.18"]
[EventType "swiss"]
[EventRounds "9"]
[EventCountry "POL"]
[SourceTitle "EXT 2025"]
[Source "ChessBase"]
[SourceDate "2024.10.14"]
[SourceVersion "1"]
[SourceVersionDate "2024.10.14"]
[SourceQuality "1"]

1. e4 c5 2. Nf3 e6 3. d4 cxd4 4. Nxd4 Nf6 5. Nc3 Nc6 6. Nxc6 bxc6 7. e5 Nd5 8. Ne4 Qc7 9. f4 Qb6 10. c4 Bb4+ 11. Ke2 Ba6 12. Kf3 f5 13. exf6 Nxf6 14. c5 Qa5 15. Nd6+ Ke7 16. Bxa6 Qxa6 17. Be3 Rab8 18. a3 Ba5 19. b4 Bc7 20. f5 Bxd6 21. Qxd6+ Kf7 22. Bg5 Rb7 23. Rhe1 Re8 24. Bxf6 gxf6 25. Re4 Qa4 26. Qd3 Qb5 27. Qc2 Rbb8 28. Rd1 exf5 29. Rxd7+ Kf8 30. Rxe8+ Rxe8 31. Qd3 Qxd3+ 32. Rxd3 a5 33. Rd6 axb4 34. axb4 Re4 35. Rxc6 Rxb4 36. Rxf6+ Kg7 37. Rxf5 Rc4 38. Rh5 Kg6 39. g4 h6 40. h3 Ra4 41. Ke3 Rb4 42. Kd3 Ra4 43. c6 1-0

[Event "Krakow op-A 34th"]
[Site "Krakow"]
[Date "2023.12.29"]
[Round "3"]
[White "Mirski, Stanislaw"]
[Black "Lewicki, Miroslaw"]
[Result "0-1"]
[WhiteElo "2187"]
[BlackElo "2321"]
[PlyCount "138"]
[EventDate "2023.12.27"]
[EventType "swiss"]
[EventRounds "9"]
[EventCountry "POL"]
[SourceTitle "CBM 218 Extra"]
[Source "ChessBase"]
[SourceDate "2024.03.31"]
[SourceVersion "1"]
[SourceVersionDate "2024.03.31"]
[SourceQuality "1"]

1. d4 Nf6 2. Nf3 e6 3. g3 c5 4. Bg2 Nc6 5. 0-0 d5 6. c4 dxc4 7. Qa4 cxd4 8. Nxd4 Qxd4 9. Bxc6+ bxc6 10. Qxc6+ Qd7 11. Qxa8 Bc5 12. Nc3 0-0 13. Qf3 Bb7 14. e4 Bb4 15. Qd1 Qc7 16. f3 Qb6+ 17. Kg2 Rd8 18. Qe2 Rd3 19. Bg5 Nd7 20. Rad1 f6 21. Bd2 Be7 22. Be1 Ne5 23. Bf2 Qa5 24. Bd4 Nc6 25. Be3 Ba6 26. Qf2 Qc7 27. Rxd3 cxd3 28. Rd1 g5 29. a4 Bc4 30. Bc5 Ne5 31. Bxe7 Qxe7 32. f4 gxf4 33. gxf4 Ng6 34. b3 Ba6 35. Nb5 Bb7 36. Qxa7 Bxe4+ 37. Kf2 Qb4 38. Qb8+ Nf8 39. Qd8 Qxb3 40. Rd2 Qxa4 41. Nd4 Qc4 42. Ke3 f5 43. Qg5+ Kf7 44. Qh5+ Ke7 45. Qh4+ Kd7 46. Rd1 Qc3 47. Rd2 Qc1 48. Nb3 Qa3 49. Nd4 Qa1 50. Rxd3 Qg1+ 51. Kd2 Bxd3 52. Kxd3 Qd1+ 53. Ke3 Qc1+ 54. Kd3 Qb1+ 55. Kd2 Qe4 56. Ne2 Qb4+ 57. Kd3 Qe4+ 58. Kd2 Qb4+ 59. Kd3 Qa3+ 60. Kd2 Qb2+ 61. Kd3 Qg7 62. Qf2 Ke8 63. Qb6 Qg2 64. Qb8+ Kf7 65. Nd4 Qxh2 66. Nc6 Qg3+ 67. Kc4 Ng6 68. Qa7+ Kg8 69. Qb8+ Kg7 0-1

[Event "Ustron op-A"]
[Site "Ustron"]
[Date "2023.08.13"]
[Round "3"]
[White "Kulon, Klaudia"]
[Black "Mirski, Stanislaw"]
[Result "0-1"]
[WhiteElo "2320"]
[BlackElo "2159"]
[PlyCount "78"]
[EventDate "2023.08.11"]
[EventType "swiss"]
[EventRounds "9"]
[EventCountry "POL"]
[SourceTitle "CBM 215 Extra"]
[Source "ChessBase"]
[SourceDate "2023.09.30"]
[SourceVersion "1"]
[SourceVersionDate "2023.09.30"]
[SourceQuality "1"]

1. e4 c5 2. Nf3 e6 3. d4 cxd4 4. Nxd4 a6 5. Bd3 Bc5 6. Nb3 Be7 7. Qg4 g6 8. Qe2 d6 9. c4 Nd7 10. Nc3 Qc7 11. 0-0 b6 12. f4 Ngf6 13. f5 gxf5 14. exf5 e5 15. Bg5 Bb7 16. Bxf6 Nxf6 17. Nd5 Bxd5 18. cxd5 0-0 19. g4 e4 20. Bb1 Kh8 21. g5 Rg8 22. h4 h6 23. Bxe4 hxg5 24. Bg2 gxh4 25. Rac1 Qd7 26. Rc4 Nh7 27. Kh1 Bf6 28. Nd2 b5 29. Rcf4 Bg5 30. Ne4 Bxf4 31. Rxf4 h3 32. Bxh3 f6 33. Qh5 Qg7 34. Bg4 Qe7 35. Bd1 Rg7 36. Qh4 Rag8 37. Rf1 Rg4 38. Bxg4 Qxe4+ 39. Kh2 Rxg4 0-1

[Event "EU-ch rapid"]
[Site "Warsaw"]
[Date "2013.12.15"]
[Round "8"]
[White "Drozdowski, Kacper"]
[Black "Mirski, Stanislaw"]
[Result "1/2-1/2"]
[WhiteElo "2463"]
[BlackElo "2139"]
[PlyCount "102"]
[EventDate "2013.12.14"]
[EventType "swiss (rapid)"]
[EventRounds "11"]
[EventCountry "POL"]
[SourceTitle "CBM 157 Extra"]
[Source "ChessBase"]
[SourceDate "2013.12.19"]
[SourceVersion "1"]
[SourceVersionDate "2013.12.19"]
[SourceQuality "1"]

1. e4 c5 2. Nf3 e6 3. d4 cxd4 4. Nxd4 a6 5. Bd3 Bc5 6. Nb3 Be7 7. Qg4 g6 8. Qe2 d6 9. Nc3 Qc7 10. a4 b6 11. 0-0 Nd7 12. f4 Ngf6 13. Bd2 Bb7 14. Rae1 h5 15. Nd1 d5 16. Nf2 dxe4 17. Nxe4 Nxe4 18. Bxe4 Bxe4 19. Qxe4 0-0 20. Bc3 Bf6 21. Rf3 Rac8 22. Rd1 Nc5 23. Qc4 Bxc3 24. Rxc3 Qb7 25. Nxc5 Rxc5 26. Qb4 Rxc3 27. Qxc3 Rc8 28. Qd3 b5 29. axb5 axb5 30. c3 b4 31. c4 Qc7 32. b3 Qxf4 33. Rf1 Qc7 34. Rd1 Qc5+ 35. Qd4 Qc7 36. h3 Qc6 37. Qd7 Qc5+ 38. Qd4 Qg5 39. Qb6 Ra8 40. Qxb4 Ra2 41. Qb7 Qe3+ 42. Kh1 Rb2 43. Rf1 Rf2 44. Qb8+ Kh7 45. Rxf2 Qxf2 46. Qe5 Qc2 47. c5 Qxb3 48. c6 Qc4 49. c7 Qc6 50. Qf4 f6 51. Qxf6 Qxc7 1/2-1/2